Responses for Show #5507 - Tuesday, July 15, 2008

Contestants

[<< previous game]

Gail Sneyers, an administrative assistant from Myrtle Beach, South Carolina

Holden Toplin, a graduate student and actor from Philadelphia, Pennsylvania

Randall Eng, a composer from New York, New York (whose 1-day cash winnings total $28,001)

[next game >>]

Jeopardy! Round responses

THE EMERALD ISLE
SHOW BIZ OATHS & EXCLAMATIONS
HISTORY OF THE NEW YORK TIMES
BRITISH ROYALS IN THE MILITARY
HOLIDAYS & OBSERVANCES
INSIDE JOHNNY GILBERT
(Alex: Each correct response will be a word that can be formed from the letters of Johnny Gilbert's name.)
    $200 24
Dublin

Randall
    $200 1
D'oh!

Gail
    $200 6
the Civil War

Holden
    $200 30
Queen Elizabeth II

Holden
    $200 11
Halloween

Randall
    $200 19
throne

Gail
    $400 25
Catholic

Randall
    $400 2
M*A*S*H

Randall
    $400 7
12

Gail
    $400 29
(Randall: Who is Prince William?)

Prince Harry

RandallHolden
    $400 12
the Christmas season

Triple Stumper
    $400 20
north

Holden
    $600 26
Northern Ireland

Holden
    $600 3
SpongeBob SquarePants

Gail
    $600 8
(Dick) Cavett

Randall
    $600 16
(Holden: Who is Prince Andrew?)

Prince Charles

HoldenGail
    $600 13
Hinduism

Randall
    $600 21
broth

Triple Stumper
    $800 27
Gaelic

Randall
    $800 4
Mork & Mindy

Randall
    $800 9
the Challenger (explosion)

Randall
    $1,800 17
Argentina

Gail
    $800 14
February 14 (Valentine's Day)

Randall
    $800 22
trilogy

Holden
    $1000 28
Bertie Ahern

Holden
    $1000 5
The 40-Year-Old Virgin

Randall
    $1000 10
(William) Safire

Randall
    $1000 18
Sandhurst

Randall
    $1000 15
Judaism

Holden
    $1000 23
Gore

Holden

Scores at the first commercial break (after clue 15):

Randall Holden Gail
$6,200 $1,200 $1,200

Scores at the end of the Jeopardy! Round:

Randall Holden Gail
$8,200 $5,000 $3,800

Double Jeopardy! Round responses

THE EMERALD AISLE
BEFORE & AFTER GOES TO THE MOVIES
"MAN"-LY LIT
I NEED A FARM VACATION!
A VISIT TO A JAPANESE TEMPLE
(Alex: Kiyomizudera Temple in Kyoto.)
ALSO KNOWN AS
    $400 26
[Alex reads "S.A." as "South American".]

Brazil

Randall
    $400 1
There Will Be Blood Oranges

Randall
    $400 2
The Old Man and the Sea

Holden
    $400 21
Maine

Holden
    $400 16
China

Holden
    $400 11
the Abominable Snowman

Holden
    $800 27
May

Gail
    $800 7
A Hard Day's Night of the Living Dead

Gail
    $800 3
Invisible Man

Gail
    $800 22
(Holden: What is a hedge maze?)

a corn maze

RandallHolden
    $800 17
nirvana

Randall
    $800 12
The Hobbit

Gail
    $1200 28
the Green Lantern

Randall
    $1200 8
Horton Hears a Who Framed Roger Rabbit

Randall
    $1200 4
A Portrait of the Artist as a Young Man

Holden
    $1200 23
Florida

Gail
    $1200 18
the chrysanthemum

Gail
    $1200 13
slander

Randall
    $1600 29
(Gail: What is...)

beryl

Gail
Triple Stumper
    $6,000 9
No Country for Old Men in Trees

Randall
    $1600 5
Man and Superman

Gail
    $1600 24
Alberta

Gail
    $1600 19
a pagoda

Gail
    $1600 14
riboflavin

Holden
    $2000 30
Mohs

Randall
    $2000 10
Million Dollar Baby Boom

Holden
    $3,800 6
(Gail: What are Man's Rights?)
(Alex: Oh... no, we can't accept that. It is [*]. You twisted it around, but a good stab at it, nevertheless.)

the Rights of Man

Gail
    $2000 25
Vermont

Holden
    $2000 20
shogun

Holden
    $2000 15
the Aztecs

Triple Stumper

Scores at the end of the Double Jeopardy! Round:

Randall Holden Gail
$22,200 $14,600 $8,800

[wagering suggestions for these scores]

Final Jeopardy! Round responses

OLYMPIC CITIES
GailWhat is Sydney?
$6,400
HoldenWhat is Melbourne?
$14,599
RandallWhat is Albertville?
$7,001
Sydney

Final scores:

Randall Holden Gail
$15,199 $1 $15,200
2nd place: $2,000 3rd place: $1,000 New champion: $15,200

Game dynamics:

Coryat scores:

Randall Holden Gail
$17,800 $14,600 $11,600
22 R
(including 1 DD),
1 W
18 R,
2 W
15 R
(including 1 DD),
2 W
(including 1 DD)

Combined Coryat: $44,000

[game clues] [game scores] [suggest correction]

Game tape date: 2008-04-22
The J! Archive is created by fans, for fans. Scraping, republication, monetization, and malicious use prohibited; this site may use cookies and collect identifying information. See terms. The Jeopardy! game show and all elements thereof, including but not limited to copyright and trademark thereto, are the property of Jeopardy Productions, Inc. and are protected under law. This website is not affiliated with, sponsored by, or operated by Jeopardy Productions, Inc. Join the discussion at JBoard.tv.